[Event "Port of Burlington op"]
[Site "Burlington"]
[Date "2019.02.02"]
[Round "2"]
[White "Deshpande, Neil"]
[Black "Dutiel, Tony"]
[Result "1-0"]
[WhiteElo "1810"]
[BlackElo "1811"]
[PlyCount "93"]
[EventDate "2019.02.02"]
[EventType "swiss"]
[EventRounds "5"]
[EventCountry "USA"]
[SourceTitle "EXT 2020"]
[Source "ChessBase"]
[SourceDate "2019.10.17"]
[SourceVersion "1"]
[SourceVersionDate "2019.10.17"]
[SourceQuality "1"]

1. e4 e5 2. Nf3 Nf6 3. Nxe5 d6 4. Nf3 Nxe4 5. Nc3 d5 6. Bd3 Bf5 7. Qe2 Be7 8. Nxe4 Bxe4 9. Bxe4 dxe4 10. Qxe4 Nc6 11. d4 0-0 12. 0-0 Bf6 13. c3 Re8 14. Qc2 Qd5 15. Bf4 Re7 16. Rfe1 Rae8 17. Bxc7 Rxe1+ 18. Rxe1 Rxe1+ 19. Nxe1 Qxa2 20. Qe2 h6 21. h3 a5 22. Kh2 a4 23. Qe8+ Kh7 24. Qe4+ Kg8 25. Nd3 a3 26. bxa3 Qxa3 27. d5 Qe7 28. Qxe7 Nxe7 29. c4 Kf8 30. g4 Bd4 31. Kg3 Ke8 32. Kf3 b5 33. cxb5 Nxd5 34. Be5 Bxe5 35. Nxe5 Ke7 36. Nc4 Kd7 37. b6 Kc6 38. Ne5+ Kxb6 39. Nxf7 Kc6 40. Ke4 Nc3+ 41. Kf5 Nd1 42. f3 Nf2 43. h4 Nh3 44. Kg6 Ng1 45. f4 Nf3 46. Ne5+ Nxe5+ 47. fxe5 1-0